00722cam a2200253I 45000010005000000030007000050050017000120080041000290200015000700200022000850350017001070350020001240350017001440400026001610410008001870820020001951000026002152450061002412600052003023000033003545040032003876500029004196500020004487487BDjRUL20211208234425.0140115s1981 enk 001 0 eng d a041216440X a0412164507 (pbk.) a(BDjRUL)7531 a(OCoLC)07779780 aGLIS00135798 aGZOcGZOdBDjRULbeng aeng a519.2bWEI 19811 aWetherill, G. Barrie.10aIntermediate statistical methods /cG. Barrie Wetherill. aLondon ;aNew York :bChapman and Hall,cc1981. axv, 390 p. :bill. ;c25 cm. aBibliography: p. [354]-359. 0aMathematical statistics. 0a Probabilities